000
00303nam a2200121Ia 4500
008
190216s9999||||xx |||||||||||||| ||und||
100
_a
Sundra Raju
245
0
_a
Short Stories For Colleges
260
_b
Oxford University Press
_c
1978
300
_a
159p
650
_a
English Short Stories
942
_c
BK
999
_c
12935
_d
12935